| 000 | 00903nam a22002297a 4500 | ||
|---|---|---|---|
| 003 | OSt | ||
| 005 | 20210510102416.0 | ||
| 008 | 120425t xxu||||| |||| 00| 0 eng d | ||
| 020 | _a0072898402 | ||
| 040 | _cLC | ||
| 050 | _aHB172.M39 | ||
| 100 | _aMcConnell, Campbell R. | ||
| 245 |
_aMicroeconomics: principles, problems, and policies. / _cCampbell R. McConnell and Stanley L. Brue |
||
| 250 | _a14th ed. | ||
| 260 |
_aNew York: _bMcGraw Hill, _c1999. |
||
| 300 |
_axxiv, 547 p.: _bill. (colour); |
||
| 500 | _aIncludes glossary and index. | ||
| 505 | _aContents: An Introduction to economics and the economy -- Microeconomics of product markets -- Microeconomics of resource markets -- Government and current economic problems -- Microeconomic issues and polices -- International economics and the world economy. | ||
| 650 | _bMicroeconomics | ||
| 700 | _aBrue, Stanley L. | ||
| 942 |
_2lcc _cBK |
||
| 999 |
_c7572 _d15072 |
||